[Event "27th Klatovy B 2019"]
[Site "Klatovy CZE"]
[Date "2019.06.29"]
[Round "1.55"]
[White "Kirs, Pavel"]
[Black "Nechvatalova, Eva"]
[Result "1-0"]
[WhiteElo "1567"]
[BlackElo "1134"]
[PlyCount "131"]
[EventDate "2019.06.29"]
[EventType "swiss"]
[EventRounds "9"]
[EventCountry "CZE"]

1. b3 c5 2. Bb2 Nc6 3. Nf3 d6 4. e3 Nf6 5. Bb5 Bd7 6. O-O g6 7. d4 cxd4 8. exd4 Bg7 9. d5 Na5 10. Be2 O-O 11. c4 Rc8 12. Nbd2 b6 13. Bd3 Nb7 14. Ne4 Nxe4 15. Bxg7 Kxg7 16. Bxe4 Nc5 17. Bc2 Kg8 18. Re1 Re8 19. Qd2 Kg7 20. Rad1 b5 21. b4 Nb7 22. cxb5 Bxb5 23. Bd3 Bxd3 24. Qxd3 a5 25. a3 axb4 26. axb4 Qb6 27. Qd4+ Qxd4 28. Nxd4 Rc4 29. Nc6 e6 30. Ra1 Kf8 31. g3 Nd8 32. Nxd8 Rxd8 33. dxe6 fxe6 34. Rxe6 Rxb4 35. Ra7 Rb6 36. Rxh7 Kg8 37. Ree7 Rbb8 38. Reg7+ Kf8 39. Rxg6 d5 40. Rgg7 d4 41. Kf1 d3 42. Ke1 Re8+ 43. Kd2 Red8 44. Rd7 Rxd7 45. Rxd7 Rb2+ 46. Ke3 Ke8 47. Rxd3 Ke7 48. Kf3 Kf6 49. h4 Rb5 50. Rd4 Rb3+ 51. Kg4 Kg6 52. h5+ Kh6 53. f4 Rb7 54. Rd6+ Kg7 55. Kg5 Kh7 56. h6 Kg8 57. f5 Rb8 58. f6 Kh8 59. Kg6 Re8 60. Kf7 Rc8 61. Ke7 Rc7+ 62. Rd7 Rxd7+ 63. Kxd7 Kh7 64. Ke7 Kg8 65. f7+ Kh7 66. f8=Q 1-0

[Event "27th Klatovy B 2019"]
[Site "Klatovy CZE"]
[Date "2019.06.29"]
[Round "1.56"]
[White "Batek, Simon"]
[Black "Vavrinkova, Jitka"]
[Result "0-1"]
[WhiteElo "1100"]
[BlackElo "1566"]
[PlyCount "32"]
[EventDate "2019.06.29"]
[EventType "swiss"]
[EventRounds "9"]
[EventCountry "CZE"]

1. e4 e6 2. Nf3 d5 3. e5 c5 4. Bb5+ Bd7 5. Nc3 Nc6 6. d3 Nge7 7. O-O Ng6 8. Bg5 Be7 9. d4 Bxg5 10. dxc5 O-O 11. a4 Bf4 12. Nd4 Bxe5 13. Bd3 Nxd4 14. Re1 Qh4 15. Bxg6 Qxh2+ 16. Kf1 Qh1# 0-1

[Event "27th Klatovy B 2019"]
[Site "Klatovy CZE"]
[Date "2019.06.29"]
[Round "1.57"]
[White "Vasko, Pavel"]
[Black "Denk, Lukas"]
[Result "1-0"]
[WhiteElo "1560"]
[BlackElo "1092"]
[PlyCount "65"]
[EventDate "2019.06.29"]
[EventType "swiss"]
[EventRounds "9"]
[EventCountry "CZE"]

1. e4 e5 2. Nf3 Nc6 3. Bc4 h6 4. Nc3 Nf6 5. d3 Bb4 6. Bd2 d6 7. h3 Nd4 8. a3 Bxc3 9. Bxc3 Nxf3+ 10. Qxf3 c6 11. O-O d5 12. exd5 cxd5 13. Bb5+ Bd7 14. Bxd7+ Qxd7 15. Bxe5 Qe6 16. Bxf6 Qxf6 17. Qxd5 O-O 18. c3 Rad8 19. Qb5 Rfe8 20. d4 Qb6 21. Qxb6 axb6 22. Rae1 Kf8 23. Re3 Rxe3 24. fxe3 Re8 25. Kf2 Ke7 26. Re1 Kd6 27. e4 f6 28. Ke3 f5 29. e5+ Kd5 30. Kd3 f4 31. c4+ Kc6 32. d5+ Kc5 33. b4# 1-0

[Event "27th Klatovy B 2019"]
[Site "Klatovy CZE"]
[Date "2019.06.29"]
[Round "1.58"]
[White "Bican, Vojtech"]
[Black "Kotesovec, Jaroslav"]
[Result "0-1"]
[WhiteElo "1078"]
[BlackElo "1560"]
[PlyCount "108"]
[EventDate "2019.06.29"]
[EventType "swiss"]
[EventRounds "9"]
[EventCountry "CZE"]

1. e4 c5 2. Nf3 Nc6 3. Bc4 d6 4. Nc3 Nf6 5. d3 Bg4 6. Be3 a6 7. O-O Ne5 8. d4 Nxc4 9. Qe2 Nxe3 10. Qxe3 Bxf3 11. Qxf3 cxd4 12. Ne2 e5 13. c3 dxc3 14. Nxc3 Be7 15. Nd5 Nxd5 16. exd5 O-O 17. Rae1 Rc8 18. h3 f5 19. Re2 e4 20. Qf4 Bg5 21. Qg3 h5 22. h4 Bxh4 23. Qh3 g6 24. g3 Bf6 25. Rfe1 Qb6 26. Qg2 Rc5 27. Rd2 Qa5 28. Red1 Rfc8 29. Qf1 Rc2 30. Rxc2 Rxc2 31. Rc1 Rxc1 32. Qxc1 Qxd5 33. Qc8+ Kf7 34. Qc1 Qc5 35. Qh6 Bg7 36. Qf4 Bxb2 37. Qd2 Qc1+ 38. Qxc1 Bxc1 39. Kf1 d5 40. Ke1 Ba3 41. Ke2 d4 42. f3 d3+ 43. Kd2 Bb4+ 44. Kd1 exf3 45. a3 Ba5 46. g4 fxg4 47. a4 d2 48. Kc2 f2 49. Kb3 d1=Q+ 50. Kc4 f1=Q+ 51. Kc5 Bc3 52. Kb6 Qb3+ 53. Kc5 Qf5+ 54. Kd6 Qb6# 0-1

[Event "27th Klatovy B 2019"]
[Site "Klatovy CZE"]
[Date "2019.06.29"]
[Round "1.59"]
[White "Chmelik, Benedikt"]
[Black "Pasek, Josef"]
[Result "1-0"]
[WhiteElo "1558"]
[BlackElo "1067"]
[PlyCount "111"]
[EventDate "2019.06.29"]
[EventType "swiss"]
[EventRounds "9"]
[EventCountry "CZE"]

1. e4 c5 2. Nf3 Nc6 3. d4 cxd4 4. Nxd4 e6 5. Nc3 Nf6 6. Be2 Bc5 7. Nb3 Bb6 8. O-O O-O 9. Be3 Bxe3 10. fxe3 d5 11. exd5 exd5 12. Nd4 Re8 13. Qd2 Qe7 14. Nd1 Ng4 15. Bxg4 Bxg4 16. Nf2 Bh5 17. Rae1 Qb4 18. c3 Qe7 19. Nd3 Qg5 20. Nf4 Nxd4 21. exd4 Rxe1 22. Qxe1 f6 23. Nxh5 Qxh5 24. Qe6+ Kh8 25. Re1 h6 26. Qd7 b6 27. Kf2 Qh4+ 28. Kf1 Qf4+ 29. Kg1 Qb8 30. Qxd5 Qd8 31. Qxd8+ Rxd8 32. Re7 a5 33. Re6 b5 34. Kf2 Kg8 35. Rc6 Kf7 36. Rc5 Rb8 37. Kf3 g5 38. Ke4 Ke6 39. d5+ Kd6 40. Rc6+ Ke7 41. Kf5 Rf8 42. Rb6 b4 43. cxb4 axb4 44. Rxb4 Rd8 45. Rd4 Rb8 46. d6+ Kf7 47. b3 Rb5+ 48. Ke4 Re5+ 49. Kf3 Rf5+ 50. Ke3 Re5+ 51. Kd3 Ke6 52. d7 Rd5 53. Rxd5 Kxd5 54. d8=Q+ Ke5 55. Qd4+ Kf5 56. Qe4# 1-0

[Event "27th Klatovy B 2019"]
[Site "Klatovy CZE"]
[Date "2019.06.29"]
[Round "1.60"]
[White "Vilasek, Martin"]
[Black "Kotal, Vit"]
[Result "0-1"]
[WhiteElo "1063"]
[BlackElo "1556"]
[PlyCount "66"]
[EventDate "2019.06.29"]
[EventType "swiss"]
[EventRounds "9"]
[EventCountry "CZE"]

1. e4 c5 2. Nc3 Nc6 3. Bc4 e6 4. Nf3 a6 5. O-O b5 6. Be2 Nge7 7. d3 g6 8. Be3 d6 9. a3 Bg7 10. h3 O-O 11. Rb1 Nd4 12. Kh1 Nec6 13. Na2 Nxe2 14. Qxe2 Nd4 15. Qd1 d5 16. c3 Nxf3 17. Qxf3 d4 18. cxd4 cxd4 19. Bd2 a5 20. Kg1 Bb7 21. Rfc1 f5 22. Qf4 e5 23. Qf3 fxe4 24. dxe4 Rxf3 25. gxf3 Qf6 26. f4 Bxe4 27. Ra1 Rf8 28. Kf1 Qh4 29. Ke1 Qxh3 30. Kd1 Qf1+ 31. Be1 Qd3+ 32. Bd2 Bf3+ 33. Ke1 Qe2# 0-1

[Event "27th Klatovy B 2019"]
[Site "Klatovy CZE"]
[Date "2019.06.29"]
[Round "1.61"]
[White "Juhanak, Daniel"]
[Black "Batek, Tomas"]
[Result "1-0"]
[WhiteElo "1555"]
[BlackElo "1052"]
[PlyCount "101"]
[EventDate "2019.06.29"]
[EventType "swiss"]
[EventRounds "9"]
[EventCountry "CZE"]

1. d4 d5 2. Nf3 Nc6 3. g3 e6 4. c4 Bb4+ 5. Bd2 Bxd2+ 6. Nbxd2 Nf6 7. Bg2 O-O 8. O-O h6 9. Rc1 Bd7 10. Qc2 Nb4 11. Qb3 a5 12. Rfd1 Bc6 13. a3 Na6 14. Ne5 a4 15. Nxc6 bxc6 16. Qxa4 c5 17. dxc5 Nxc5 18. Qc2 Qd6 19. cxd5 exd5 20. Qxc5 Qxc5 21. Rxc5 Rfc8 22. Rdc1 Ra7 23. Bxd5 Nxd5 24. Rxd5 c6 25. Rdc5 Ra6 26. Nf3 Rb6 27. b4 Ra6 28. R1c3 Rca8 29. Rxc6 Rxc6 30. Rxc6 Rxa3 31. Rc8+ Kh7 32. Nd4 h5 33. b5 Ra4 34. e3 Rb4 35. Rc3 g6 36. Rb3 Ra4 37. b6 Ra8 38. b7 Rb8 39. Nc6 Rxb7 40. Rxb7 Kg8 41. Kg2 Kg7 42. Kf3 Kf6 43. Re7 g5 44. h4 g4+ 45. Kf4 Kg6 46. e4 f5 47. exf5+ Kh6 48. f6 Kg6 49. f7 Kh7 50. f8=Q+ Kg6 51. Ne5# 1-0

[Event "27th Klatovy B 2019"]
[Site "Klatovy CZE"]
[Date "2019.06.29"]
[Round "1.62"]
[White "Nova, Anezka"]
[Black "Pucholt, Martin"]
[Result "0-1"]
[WhiteElo "1044"]
[BlackElo "1555"]
[PlyCount "116"]
[EventDate "2019.06.29"]
[EventType "swiss"]
[EventRounds "9"]
[EventCountry "CZE"]

1. e4 c5 2. d4 cxd4 3. Qxd4 Nc6 4. Qd1 d6 5. Nc3 g6 6. Bb5 Bg7 7. Nf3 a6 8. Ba4 b5 9. Bb3 Nf6 10. O-O O-O 11. Bf4 Na5 12. Re1 Nxb3 13. axb3 Bb7 14. Qd3 Rc8 15. Re3 Nh5 16. Bg3 Nxg3 17. hxg3 b4 18. Na4 Rc6 19. Kf1 Qc7 20. Rc1 Bh6 21. Nd4 Bxe3 22. fxe3 Rc8 23. Nxc6 Qxc6 24. c3 Qxe4 25. Qxe4 Bxe4 26. Nb6 Rc6 27. Nc4 Bd3+ 28. Kf2 Bxc4 29. bxc4 Rxc4 30. Ra1 bxc3 31. bxc3 Rxc3 32. Rxa6 Kg7 33. Ra7 e6 34. Kf3 Kf6 35. Ra5 d5 36. Ra4 Ke5 37. g4 Kf6 38. g3 g5 39. Rd4 Ke5 40. Kf2 Rc4 41. Rxc4 dxc4 42. Ke2 Ke4 43. Kd2 Kf3 44. Kc3 Kxg3 45. Kxc4 Kxg4 46. e4 Kf4 47. Kd4 g4 48. Kd3 Kf3 49. e5 g3 50. Kd4 g2 51. Kc5 g1=Q+ 52. Kd6 Qa7 53. Kc6 Qe7 54. Kb6 Ke4 55. Ka5 Qb7 56. Ka4 Kd4 57. Ka5 Kc4 58. Ka4 Qa7# 0-1

[Event "27th Klatovy B 2019"]
[Site "Klatovy CZE"]
[Date "2019.06.29"]
[Round "1.63"]
[White "Vavrinkova, Anna"]
[Black "Day, Sophia Olivia"]
[Result "1-0"]
[WhiteElo "1550"]
[BlackElo "1021"]
[PlyCount "31"]
[EventDate "2019.06.29"]
[EventType "swiss"]
[EventRounds "9"]
[EventCountry "CZE"]

1. e4 e5 2. Nf3 Nc6 3. Bb5 Nf6 4. O-O a6 5. Ba4 b5 6. Bb3 d5 7. exd5 Nxd5 8. Re1 Qd6 9. d4 Bg4 10. dxe5 Nxe5 11. Qxd5 Qxd5 12. Bxd5 Rd8 13. Bc6+ Bd7 14. Nxe5 Be7 15. Nxd7 h6 16. Nc3 1-0

[Event "27th Klatovy B 2019"]
[Site "Klatovy CZE"]
[Date "2019.06.29"]
[Round "1.64"]
[White "Hala, Matej"]
[Black "Krisman, Ondrej"]
[Result "0-1"]
[WhiteElo "1014"]
[BlackElo "1546"]
[PlyCount "86"]
[EventDate "2019.06.29"]
[EventType "swiss"]
[EventRounds "9"]
[EventCountry "CZE"]

1. e4 e5 2. Nf3 Nc6 3. Bc4 Bc5 4. d3 Nf6 5. Nc3 d6 6. Qe2 Bg4 7. Be3 Nd4 8. Bxd4 Bxd4 9. O-O O-O 10. h3 Bh5 11. Rab1 Qd7 12. Nd5 Nxd5 13. Bxd5 c6 14. c3 cxd5 15. cxd4 dxe4 16. Qxe4 f5 17. Qd5+ Bf7 18. Qa5 e4 19. dxe4 fxe4 20. Ng5 Bc4 21. Rfe1 Rf5 22. Qb4 Rxg5 23. Qxc4+ d5 24. Qf1 Qxh3 25. Re3 Qe6 26. f3 Rf8 27. f4 Rg4 28. a4 Rgxf4 29. Qb5 Qf7 30. Rc1 a6 31. Qe2 Rf2 32. Qe1 Qf6 33. Re2 Rxe2 34. Qxe2 Qxd4+ 35. Kh2 h6 36. Rc3 Qe5+ 37. Rg3 Rf5 38. Qg4 Rh5+ 39. Kg1 Qd4+ 40. Kf1 Rh1+ 41. Ke2 Qxb2+ 42. Ke3 Re1+ 43. Kf4 Qf2+ 0-1

[Event "27th Klatovy B 2019"]
[Site "Klatovy CZE"]
[Date "2019.06.29"]
[Round "1.65"]
[White "Soucek, Jan"]
[Black "Skrivan, Matej 2008"]
[Result "1-0"]
[WhiteElo "1543"]
[BlackElo "1012"]
[PlyCount "81"]
[EventDate "2019.06.29"]
[EventType "swiss"]
[EventRounds "9"]
[EventCountry "CZE"]

1. e4 e5 2. Nf3 Nc6 3. Bc4 Nf6 4. d3 Bc5 5. c3 d6 6. O-O O-O 7. Re1 Ng4 8. Be3 Bxe3 9. fxe3 Na5 10. Bb3 Nxb3 11. axb3 a5 12. b4 Be6 13. h3 Nf6 14. bxa5 b6 15. b4 c5 16. a6 cxb4 17. cxb4 Qd7 18. Nc3 Rfc8 19. Qd2 b5 20. Ra5 Rcb8 21. Rea1 Nh5 22. d4 exd4 23. Nxd4 Bc4 24. Nf5 Be6 25. Nxd6 Rb6 26. Ncxb5 Bc4 27. Nxc4 Qd8 28. Qxd8+ Rxd8 29. a7 h6 30. a8=Q Rxa8 31. Rxa8+ Kh7 32. Ncd6 Ng3 33. R8a6 Rb7 34. Nxb7 Ne2+ 35. Kh2 h5 36. Nd8 g6 37. Nxf7 Nc1 38. Ra7 Nd3 39. Ng5+ Kh8 40. Rh7+ Kg8 41. Nc7 1-0

[Event "27th Klatovy B 2019"]
[Site "Klatovy CZE"]
[Date "2019.06.29"]
[Round "1.66"]
[White "Krmelova, Tereza"]
[Black "Beran, Jakub"]
[Result "0-1"]
[WhiteElo "1000"]
[BlackElo "1539"]
[PlyCount "66"]
[EventDate "2019.06.29"]
[EventType "swiss"]
[EventRounds "9"]
[EventCountry "CZE"]

1. d4 d5 2. Nf3 Nc6 3. c4 e6 4. Nc3 Nf6 5. e3 Bd7 6. Bd2 Bb4 7. Rc1 Bxc3 8. Bxc3 O-O 9. Bd3 dxc4 10. Bxc4 Ne7 11. O-O Ned5 12. Ne5 b5 13. Nxd7 Qxd7 14. Bxd5 Nxd5 15. Qd2 c6 16. a3 Nb6 17. b3 Qd5 18. Qc2 a5 19. Bxa5 Rxa5 20. Qxc6 Qxc6 21. Rxc6 Nd5 22. Rc5 Nf6 23. a4 Ne4 24. Rxb5 Rxb5 25. axb5 Rb8 26. Rc1 h6 27. f3 Nd2 28. Rc7 Rxb5 29. e4 Nxb3 30. Rd7 Kf8 31. d5 exd5 32. exd5 Ke8 33. Ra7 Rxd5 0-1

[Event "27th Klatovy B 2019"]
[Site "Klatovy CZE"]
[Date "2019.06.29"]
[Round "1.67"]
[White "Pecka, Jan"]
[Black "Souralova, Alena"]
[Result "1-0"]
[WhiteElo "1537"]
[BlackElo "1000"]
[PlyCount "51"]
[EventDate "2019.06.29"]
[EventType "swiss"]
[EventRounds "9"]
[EventCountry "CZE"]

1. e4 e5 2. f4 d6 3. Nf3 exf4 4. Bc4 Be6 5. Bxe6 fxe6 6. d4 Nf6 7. Nc3 Be7 8. Bxf4 Nc6 9. O-O O-O 10. Qd2 Nd7 11. Rae1 h6 12. d5 exd5 13. exd5 Nb4 14. Nd4 Bf6 15. Ne6 Qe8 16. Nb5 Nxa2 17. Nbxc7 Qg6 18. Ra1 Rab8 19. Nxf8 Rxf8 20. Ne6 Rc8 21. Rf2 Nc3 22. bxc3 Bxc3 23. Qd1 Bxa1 24. Qxa1 a6 25. Bxd6 Qe4 26. Qxg7# 1-0

[Event "27th Klatovy B 2019"]
[Site "Klatovy CZE"]
[Date "2019.06.29"]
[Round "1.68"]
[White "Slechta, Adam"]
[Black "Vilimek, Vit"]
[Result "0-1"]
[WhiteElo "1000"]
[BlackElo "1529"]
[PlyCount "90"]
[EventDate "2019.06.29"]
[EventType "swiss"]
[EventRounds "9"]
[EventCountry "CZE"]

1. d4 Nf6 2. Nc3 g6 3. e4 d6 4. Nf3 Bg7 5. e5 dxe5 6. Nxe5 O-O 7. Bc4 Bf5 8. Bg5 Ne8 9. Nxf7 Rxf7 10. Bxf7+ Kxf7 11. g4 Be6 12. d5 Bxc3+ 13. bxc3 Qxd5 14. Qxd5 Bxd5 15. O-O-O Bxh1 16. Rxh1 Nd6 17. Bf4 Nc6 18. h4 e5 19. Bh6 Ne4 20. Kb2 Ke6 21. f3 Nf6 22. g5 Ng8 23. Bg7 Kf7 24. Bh6 Nxh6 25. gxh6 Kf6 26. Rf1 Kf5 27. Rd1 Rd8 28. Rg1 Kf4 29. Rf1 Kg3 30. a4 Kg2 31. Re1 Kxf3 32. Rf1+ Ke2 33. Rf7 e4 34. Rxh7 e3 35. Rg7 Kf1 36. h7 Rh8 37. Rf7+ Ke1 38. Rxc7 e2 39. Rxb7 Ne5 40. Rxa7 Kd1 41. a5 e1=Q 42. a6 Qg1 43. Re7 Qb6+ 44. Ka1 Kxc2 45. Rb7 Qxa6# 0-1

[Event "27th Klatovy B 2019"]
[Site "Klatovy CZE"]
[Date "2019.06.30"]
[Round "2.1"]
[White "Soucek, Petr"]
[Black "Kastner, Jan"]
[Result "1/2-1/2"]
[WhiteElo "1679"]
[BlackElo "1919"]
[PlyCount "109"]
[EventDate "2019.06.29"]
[EventType "swiss"]
[EventRounds "9"]
[EventCountry "CZE"]

1. d4 Nf6 2. Bg5 c6 3. c3 d5 4. Nd2 Bf5 5. Ngf3 Nbd7 6. e3 Qb6 7. Qb3 e6 8. Be2 Ne4 9. Nxe4 Bxe4 10. O-O Bd6 11. Nd2 h6 12. Bh4 Bh7 13. f4 Qc7 14. Nf3 f6 15. Nd2 O-O 16. c4 Kh8 17. Bg4 f5 18. Bf3 Nf6 19. Rac1 Qd7 20. Qa4 Be7 21. c5 Rg8 22. Be2 Ne4 23. Bxe7 Nxd2 24. Rfd1 Ne4 25. Bh4 g5 26. Bg3 Qg7 27. Bf3 Nxg3 28. hxg3 gxf4 29. gxf4 Qg3 30. Rf1 h5 31. Qc2 h4 32. Qf2 Rg6 33. Rfe1 h3 34. Qxg3 Rxg3 35. Kf2 Rag8 36. gxh3 Rxh3 37. Rh1 Rxh1 38. Rxh1 b6 39. b4 bxc5 40. dxc5 Rb8 41. a3 a5 42. Rb1 axb4 43. axb4 Kg7 44. Be2 Kf6 45. b5 cxb5 46. Bxb5 Ke7 47. Ke2 Bg6 48. Rb3 Be8 49. Ba4 Rxb3 50. Bxb3 Bb5+ 51. Kd2 Kd7 52. Kc3 Kc7 53. Kd4 Kc6 54. Ke5 Kxc5 55. Bc2 1/2-1/2

[Event "27th Klatovy B 2019"]
[Site "Klatovy CZE"]
[Date "2019.06.30"]
[Round "2.2"]
[White "Jirasek, Jiri"]
[Black "Matlocha, Lubomir"]
[Result "1/2-1/2"]
[WhiteElo "1908"]
[BlackElo "1663"]
[PlyCount "80"]
[EventDate "2019.06.29"]
[EventType "swiss"]
[EventRounds "9"]
[EventCountry "CZE"]

1. d4 d5 2. c4 e6 3. Nc3 Nf6 4. Nf3 Be7 5. e3 O-O 6. Bd3 dxc4 7. Bxc4 Nbd7 8. O-O Nb6 9. Bd3 c5 10. Qe2 Bd7 11. Rd1 cxd4 12. Nxd4 a6 13. a3 Rc8 14. e4 e5 15. Nb3 Qc7 16. Bg5 Be6 17. Nd2 Rfd8 18. h3 h6 19. Be3 Bc5 20. Rac1 Bxe3 21. Qxe3 Nc4 22. Nxc4 Bxc4 23. Bxc4 Qxc4 24. Rxd8+ Rxd8 25. f3 Qb3 26. Qf2 Rd4 27. Rc2 Kh7 28. Rd2 Rxd2 29. Qxd2 Qb6+ 30. Qf2 Qd6 31. g4 b5 32. Kg2 b4 33. axb4 Qxb4 34. h4 a5 35. g5 Nh5 36. Nd5 Qd6 37. b3 Qa3 38. Qc2 Qa1 39. b4 Qe1 40. Qd3 Qxh4 1/2-1/2

[Event "27th Klatovy B 2019"]
[Site "Klatovy CZE"]
[Date "2019.06.30"]
[Round "2.3"]
[White "Benes, Jachym"]
[Black "Masek, Jan"]
[Result "0-1"]
[WhiteElo "1653"]
[BlackElo "1905"]
[PlyCount "50"]
[EventDate "2019.06.29"]
[EventType "swiss"]
[EventRounds "9"]
[EventCountry "CZE"]

1. e4 e5 2. Nf3 Nc6 3. Bc4 Bc5 4. c3 Nf6 5. d4 exd4 6. cxd4 Bb4+ 7. Bd2 Bxd2+ 8. Nbxd2 d5 9. exd5 Nxd5 10. O-O O-O 11. Re1 Be6 12. Ne4 Bg4 13. h3 Bxf3 14. Qxf3 Nxd4 15. Qh5 Nf6 16. Nxf6+ Qxf6 17. Bd3 g6 18. Qc5 Ne6 19. Qb4 a5 20. Qb5 b6 21. Rac1 Rad8 22. Bc4 Rd2 23. Re2 Nd4 24. Rxd2 Nxb5 25. Bxb5 Qg5 0-1

[Event "27th Klatovy B 2019"]
[Site "Klatovy CZE"]
[Date "2019.06.30"]
[Round "2.4"]
[White "Rychtecky, Pavel"]
[Black "Danek, Vaclav"]
[Result "1/2-1/2"]
[WhiteElo "1630"]
[BlackElo "1849"]
[PlyCount "120"]
[EventDate "2019.06.29"]
[EventType "swiss"]
[EventRounds "9"]
[EventCountry "CZE"]

1. e4 e5 2. Nf3 Nc6 3. Bb5 a6 4. Ba4 Nf6 5. O-O b5 6. Bb3 Be7 7. Re1 d6 8. c3 O-O 9. h3 Na5 10. Bc2 c5 11. d4 cxd4 12. cxd4 Bb7 13. dxe5 dxe5 14. Bg5 Qc7 15. Qe2 Rfe8 16. Nc3 b4 17. Bxf6 Bxf6 18. Nd5 Bxd5 19. exd5 g6 20. Bd3 Qd6 21. Rac1 Bg7 22. g4 e4 23. Bb1 Qxd5 24. Bxe4 Qd7 25. Rc5 Nb7 26. Rd5 Qe6 27. Qd2 Bf8 28. Qd4 Rad8 29. Qd3 Nc5 30. Rxd8 Nxd3 31. Bxd3 Qxe1+ 32. Nxe1 Rxd8 33. Bxa6 Rd2 34. Nd3 Bg7 35. Nxb4 Rxb2 36. a3 Bd4 37. Nd3 Ra2 38. Kg2 Rxa3 39. Bb5 Kg7 40. Kf3 Ra2 41. Kg3 Rd2 42. f3 Kf6 43. h4 h6 44. Kf4 Be5+ 45. Nxe5 Rd4+ 46. Ke3 Kxe5 47. Be8 f5 48. Bxg6 fxg4 49. fxg4 Rxg4 50. h5 Rg3+ 51. Kf2 Kf4 52. Bf7 Rc3 53. Bg6 Rb3 54. Ke2 Kg3 55. Bf7 Rf3 56. Bg6 Rf6 57. Ke3 Re6+ 58. Kd4 Kf4 59. Kd5 Ra6 60. Be8 Kf5 1/2-1/2

[Event "27th Klatovy B 2019"]
[Site "Klatovy CZE"]
[Date "2019.06.30"]
[Round "2.5"]
[White "Vachal, Josef1"]
[Black "Svec, Ludek"]
[Result "1/2-1/2"]
[WhiteElo "1827"]
[BlackElo "1620"]
[PlyCount "82"]
[EventDate "2019.06.29"]
[EventType "swiss"]
[EventRounds "9"]
[EventCountry "CZE"]

1. d4 Nf6 2. Nf3 b6 3. g3 Bb7 4. Bg2 e6 5. O-O c5 6. Bf4 cxd4 7. Nxd4 Bxg2 8. Kxg2 d6 9. Bd2 Be7 10. Nc3 O-O 11. e4 Qc8 12. Be3 Qb7 13. f3 Nc6 14. Nce2 Rac8 15. c3 Rfd8 16. Nxc6 Qxc6 17. Nd4 Qb7 18. Qe2 Nd7 19. Rfd1 Ne5 20. Bf2 Rd7 21. Nc2 Qc7 22. Ne3 Nc4 23. Rd4 Nxe3+ 24. Bxe3 Bf6 25. Rd2 Qc4 26. Qxc4 Rxc4 27. Rad1 Be7 28. Bf4 Rc6 29. h4 h6 30. Kf2 b5 31. Rd3 Ra6 32. a3 Rc6 33. Ke2 a5 34. h5 f6 35. g4 Kf7 36. Be3 Ke8 37. f4 Kf7 38. Rg1 Ke8 39. Rgd1 Rdc7 40. Rg1 Rd7 41. Rgd1 Rdc7 1/2-1/2

[Event "27th Klatovy B 2019"]
[Site "Klatovy CZE"]
[Date "2019.06.30"]
[Round "2.6"]
[White "Boucek, Vlastimil 1968"]
[Black "Simacek, Vaclav"]
[Result "1/2-1/2"]
[WhiteElo "1629"]
[BlackElo "1809"]
[PlyCount "100"]
[EventDate "2019.06.29"]
[EventType "swiss"]
[EventRounds "9"]
[EventCountry "CZE"]

1. e4 e5 2. Nf3 d5 3. Nxe5 Bd6 4. d4 dxe4 5. Nc4 Nf6 6. Nxd6+ Qxd6 7. h3 c5 8. Be3 cxd4 9. Qxd4 Qe7 10. Bg5 Nc6 11. Bb5 O-O 12. Bxc6 bxc6 13. Bxf6 gxf6 14. O-O Rd8 15. Qc3 Rd5 16. Re1 Rg5 17. Nd2 f5 18. f3 c5 19. fxe4 Bb7 20. Re3 fxe4 21. Rf1 Rd8 22. Rf2 Qe5 23. Qc4 Rf5 24. Rxf5 Qxf5 25. Nxe4 Bxe4 26. Rxe4 Rd1+ 27. Kh2 Rf1 28. Re8+ Kg7 29. Qc3+ Qf6 30. Qxf6+ Kxf6 31. Ra8 Rf2 32. Rxa7 Rxc2 33. b3 Rc3 34. Rb7 c4 35. bxc4 Rxc4 36. Ra7 Rc3 37. a4 h5 38. a5 h4 39. a6 Ra3 40. Ra8 Kg7 41. a7 Ra1 42. Rb8 Rxa7 43. Rb4 Kg6 44. Rxh4 f5 45. Rf4 Kg5 46. Rf3 f4 47. Rf2 Ra1 48. g3 fxg3+ 49. Kxg3 Rg1+ 50. Kf3 Kh4 1/2-1/2

[Event "27th Klatovy B 2019"]
[Site "Klatovy CZE"]
[Date "2019.06.30"]
[Round "2.7"]
[White "Roskovec, Bedrich"]
[Black "Vanduyfhuys, Igor"]
[Result "1-0"]
[WhiteElo "1597"]
[BlackElo "1803"]
[PlyCount "170"]
[EventDate "2019.06.29"]
[EventType "swiss"]
[EventRounds "9"]
[EventCountry "CZE"]

1. e4 c5 2. Nc3 g6 3. d3 Bg7 4. Bd2 Nc6 5. g3 e6 6. Bg2 Nge7 7. Nge2 d5 8. exd5 Nxd5 9. Qc1 Nxc3 10. Bxc3 Nd4 11. Nxd4 cxd4 12. Bb4 Qb6 13. Ba3 Bd7 14. Qg5 f6 15. Qc5 Qxc5 16. Bxc5 e5 17. Bxb7 Rb8 18. Bd5 Rxb2 19. Bb3 Bc6 20. Rg1 Bf8 21. Bxf8 Rxf8 22. Kd2 Bb5 23. Kc1 Rxb3 24. axb3 a6 25. Re1 Ke7 26. Kd2 Ke6 27. f4 Re8 28. fxe5 fxe5 29. Re2 Kd5 30. Rae1 Bd7 31. Rf2 Re7 32. Rf8 Bb5 33. Re4 Bd7 34. Rh4 Rg7 35. Rh8 h5 36. Rf8 Bg4 37. Ra8 g5 38. Rxg4 hxg4 39. Rh8 Rf7 40. Ke2 Kc6 41. Re8 Rf5 42. Ra8 Kb5 43. Rb8+ Kc6 44. Ra8 Kb7 45. Re8 Kc6 46. Rc8+ Kd5 47. Ra8 Kc5 48. Rc8+ Kb4 49. Rc6 Rf7 50. Rxa6 Rh7 51. Ra4+ Kc3 52. Rc4+ Kb2 53. b4 Rxh2+ 54. Kf1 Rh6 55. b5 Re6 56. Rc6 Re7 57. Ke2 Kc1 58. b6 Rh7 59. c4 dxc3 60. Rxc3+ Kb2 61. Rc6 Kb3 62. Ke3 Kb4 63. Ke4 Kb5 64. Kd5 Rh8 65. Kd6 Rh7 66. Kd5 Rh8 67. Re6 Rd8+ 68. Ke4 Rd4+ 69. Ke3 Rd7 70. Rxe5+ Kxb6 71. Rxg5 Re7+ 72. Kd2 Kc6 73. Rxg4 Kd5 74. d4 Ra7 75. Ke3 Ra3+ 76. Kf2 Rd3 77. Kg2 Ke6 78. Rf4 Kd5 79. Kh3 Ra3 80. Kh4 Ra8 81. g4 Ke6 82. g5 Rh8+ 83. Kg4 Rh1 84. g6 Rh6 85. Kg5 Rh2 1-0

[Event "27th Klatovy B 2019"]
[Site "Klatovy CZE"]
[Date "2019.06.30"]
[Round "2.8"]
[White "Rezac, Jindrich"]
[Black "Trcka, Bohdan"]
[Result "1-0"]
[WhiteElo "1787"]
[BlackElo "1569"]
[PlyCount "103"]
[EventDate "2019.06.29"]
[EventType "swiss"]
[EventRounds "9"]
[EventCountry "CZE"]

1. d4 e6 2. c4 c6 3. e4 d5 4. e5 Be7 5. f4 g5 6. Nc3 gxf4 7. Bxf4 Bg5 8. Qg4 Bxf4 9. Qxf4 Ne7 10. Nf3 Ng6 11. Qe3 Nh4 12. Nxh4 Qxh4+ 13. g3 Qg4 14. Be2 Qg7 15. Rf1 h5 16. O-O-O Qh6 17. Qxh6 Rxh6 18. Rf4 dxc4 19. Ne4 Rh8 20. Nd6+ Ke7 21. Rxf7+ Kd8 22. Rdf1 Nd7 23. Bxc4 c5 24. Bxe6 cxd4 25. Bxd7 Bxd7 26. Nxb7+ Kc7 27. Nc5 Rad8 28. Ne6+ Kc6 29. Nxd8+ Rxd8 30. R1f6+ Kd5 31. Rd6+ Kxe5 32. Rfxd7 Rc8+ 33. Kd2 h4 34. Rxd4 hxg3 35. hxg3 Rg8 36. g4 a5 37. R7d5+ Ke6 38. Rxa5 Rh8 39. Rb4 Rh2+ 40. Ke3 Kd6 41. g5 Kc6 42. g6 Rg2 43. Ra6+ Kc5 44. Rb7 Rg3+ 45. Kf4 Rg1 46. g7 Rf1+ 47. Ke3 Rd1 48. g8=Q Rd3+ 49. Ke2 Re3+ 50. Kf2 Rd3 51. Qg5+ Rd5 52. Ra5+ 1-0

[Event "27th Klatovy B 2019"]
[Site "Klatovy CZE"]
[Date "2019.06.30"]
[Round "2.9"]
[White "Vorsilka, Jiri"]
[Black "Stanik, Michal"]
[Result "0-1"]
[WhiteElo "1568"]
[BlackElo "1782"]
[PlyCount "52"]
[EventDate "2019.06.29"]
[EventType "swiss"]
[EventRounds "9"]
[EventCountry "CZE"]

1. e4 e6 2. b3 d5 3. Bb2 dxe4 4. Nc3 f5 5. d3 exd3 6. Bxd3 Nf6 7. Qe2 Qe7 8. Nf3 Nbd7 9. O-O-O Nc5 10. Ne5 Nxd3+ 11. Rxd3 Bd7 12. Nxd7 Nxd7 13. Nb5 Nc5 14. Rc3 a6 15. Rxc5 axb5 16. Qxb5+ Kf7 17. Qxb7 Qg5+ 18. Kb1 Bxc5 19. Qxc7+ Be7 20. Re1 Qxg2 21. Qd7 Ra6 22. Qb5 Qxf2 23. Qe5 Qg2 24. Bd4 Rc8 25. Re2 Qg4 26. Re1 Bf6 0-1